LIBRARY & INFORMATION CENTRE, KCAET, TAVANUR

ONLINE PUBLIC ACCESS CATALOGUE (OPAC)

Development of attachments for four-wheel riding type rice transplanter (Record no. 14878)

MARC details
000 -LEADER
fixed length control field 00685nam a22001817a 4500
003 - CONTROL NUMBER IDENTIFIER
control field OSt
088 ## - REPORT NUMBER
Report number T 396
100 ## - MAIN ENTRY--AUTHOR NAME
Personal name ATHUL CHANDRAN K
245 ## - TITLE STATEMENT
Title Development of attachments for four-wheel riding type rice transplanter
260 ## - PUBLICATION, DISTRIBUTION, ETC. (IMPRINT)
Place of publication Tavanur 2017
Name of publisher Kelappaji College of Agricultural Engineering and Technology
300 ## - PHYSICAL DESCRIPTION
Number of Pages 98
500 ## - GENERAL NOTE
General note Development of attachments for four-wheel riding type rice transplanter
520 ## - SUMMARY, ETC.
Summary, etc Development of attachments for four-wheel riding type rice transplanter
700 ## - ADDED ENTRY--PERSONAL NAME
Personal name Dr. Shaji James P (Guide)
856 ## - ELECTRONIC LOCATION AND ACCESS
Uniform Resource Identifier https://drive.google.com/open?id=1yjWjgxj4UZcixfa3_9xSf0szcKFVocuj
942 ## - ADDED ENTRY ELEMENTS (KOHA)
Koha item type Theses
Holdings
Collection code Home library Current library Shelving location Full call number Accession Number Koha item type Public note
Reference KAUAET KAUAET Reference 631.3 ATH/DE T 396 Theses M.Tech Thesis
free website counter